Mind, code and context: essays in Pragmatics
Збережено в:
| Автор: | |
|---|---|
| Формат: | Книга |
| Мова: | Англійська |
| Опубліковано: |
Mahwah
Lawrence Erlbaum Associates
1989
|
| Редагування: | 1a. ed |
| Предмети: | |
| Теги: |
Додати тег
Немає тегів, Будьте першим, хто поставить тег для цього запису!
|
MARC
| LEADER | 00000nam a2200000 a 4500 | ||
|---|---|---|---|
| 001 | UCJ3000 | ||
| 003 | CL-VaPUC | ||
| 008 | 070119e19890000us |||||||||||||||||eng|d | ||
| 020 | |a 0898596076 | ||
| 082 | 0 | 4 | |a 121.68 |b GIV |2 21 |
| 100 | |a Givon, Thomas |e author |9 504100 | ||
| 245 | 1 | 0 | |a Mind, code and context: essays in Pragmatics |
| 250 | |a 1a. ed | ||
| 300 | |a 456 p | ||
| 942 | |c BK | ||
| 945 | |d 20070119 00:00:00 |a lvergara | ||
| 260 | |a Mahwah |b Lawrence Erlbaum Associates |c 1989 | ||
| 500 | |a Donación de la Dra. Marianne Peronard Thierry | ||
| 650 | 0 | |a Filosofía del lenguaje |9 257082 | |
| 650 | 0 | |a Pragmática |9 416307 | |
| 650 | 0 | |a Teoría del conocimiento |9 255038 | |
| 650 | 0 | |a Cognición |9 270347 | |
| 583 | |a last modification |c 20171120 06:03:10 |k Rodrigo Vera | ||
| 999 | |c 319124 |d 319122 | ||
| 952 | |0 0 |1 0 |4 0 |6 121_680000000000000_GIV_1989 |7 0 |8 A |9 397365 |a FDOPOS |b FDOPOS |d 2019-11-22 |i 4312147 |o 121.68 GIV 1989 |p 4312147 |r 2025-01-22 |w 2019-11-22 |y BK |k MLA | ||